000 00926nam2a2200229 4500
001 rc\2863678
005 20260315050841.0
035 _a(NLR Aleph) 007017623
090 _a13579060
_c13579060
100 _a20110712d1927 u y0rusy50 ca
101 0 _arus
102 _aRU
105 _ay z |||||
200 1 _aРаспределение энергии в торфянике
210 _d1927
461 0 _1001rc\2863677
_12001#$aТруды Центральной торфяной станции НК$eВып. 1-$vВып. 1
_95877692
_aЦентральная торфяная опытная станция (Москва)
_cМосква
_d[1927]
_nНовая деревня
_oВып. 1-
_tТруды Центральной торфяной станции НК
_vВып. 1
700 1 _aКудряшев
_bВ.В.
801 0 _aRU
_bNLR
_gpsbo
801 1 _aRU
_bELAR
_2rusmarc
852 _aNLR
_j28/733(1)
942 _cUNSPEC
980 _aNB